000 00286nam a2200109Ia 4500
005 20251222141927.0
008 251222s9999||||xx |||||||||||||| ||spa||
082 _a869.57/C75P
100 _a"Colchado Lucio, Oscar, comp."
245 0 _aCuentos peruanos: Antología didáctica
942 _cLIB
999 _c8898
_d8898